[Event "Tournament 14459 - Europe Echecs"]
[Site "Europe Echecs"]
[Date "2020.07.07"]
[Round "3"]
[Time "15:11:54"]
[PlyCount "83"]
[White "YakoubenBadis"]
[Black "ToChu"]
[WhiteElo "1036"]
[BlackElo "1210"]
[Mode "WEB"]
[Result "0-1"]

1. e4 e5 2. Bc4 Nc6 3. Nf3 h6 4. d3 Nf6 5. Nc3 Bb4 6. O-O O-O 7. Bd2 d6 8. Nd5
Bxd2 9. Qxd2 Be6 10. Nxf6+ Qxf6 11. Bxe6 fxe6 12. Qe3 Qe7 13. Rae1 d5 14. exd5
exd5 15. Nxe5 Rfe8 16. Nxc6 Qxe3 17. Rxe3 Rxe3 18. fxe3 bxc6 19. Kf2 Rb8 20. b3
Kh7 21. Kg3 Rb7 22. Kf4 Rb8 23. e4 Rf8+ 24. Ke5 Rxf1 25. exd5 cxd5 26. Kxd5 Rc1
27. c4 Rg1 28. Kc6 Rxg2 29. Kxc7 Rxh2 30. Kc6 g5 31. Kd5 Re2 32. c5 g4 33. c6
Rc2 34. c7 Rxc7 35. Kd6 Rc3 36. d4 Rd3 37. d5 g3 38. Kc6 g2 39. d6 g1=Q 40. Kc7
Qc1+ 41. Kd7 Qc5 {YakoubenBadis a abandonné} 0-1

[Event "Tournament 14459 - Europe Echecs"]
[Site "Europe Echecs"]
[Date "2020.07.07"]
[Round "3"]
[Time "15:11:54"]
[PlyCount "84"]
[White "VijaySoukreev"]
[Black "OgierDaniil"]
[WhiteElo "1204"]
[BlackElo "1059"]
[Mode "WEB"]
[Result "1-0"]

1. d4 d5 2. Nf3 Nf6 3. Bf4 e6 4. e3 c5 5. c3 a6 6. Bd3 Nc6 7. Nbd2 Be7 8. h3 O-O
9. O-O b5 10. Ne5 Bb7 11. Ndf3 Bd6 12. Nxc6 Bxc6 13. Ne5 Bxe5 14. Bxe5 Nd7 15.
Bd6 Re8 16. dxc5 Rc8 17. b4 Bb7 18. Bh2 Qf6 19. Qc2 h6 20. Rac1 Rc6 21. e4 d4
22. cxd4 Qxd4 23. a3 Rec8 24. Rfd1 Qf6 25. Bxb5 axb5 26. Rxd7 Ba8 27. Rcd1 Rb6
28. Qd3 Ra6 29. Rd8+ Rxd8 30. Qxd8+ Qxd8 31. Rxd8+ Kh7 32. Rb8 Rxa3 33. Rxb5
Bxe4 34. f3 Bd5 35. Ra5 Rb3 36. b5 Kg8 37. b6 Kf8 38. Bc7 Ke8 39. f4 Kd7 40. Ra7
Kc6 41. Bd6 Rb5 42. Rc7# {OgierDaniil est échec et mat} 1-0

[Event "Tournament 14459 - Europe Echecs"]
[Site "Europe Echecs"]
[Date "2020.07.07"]
[Round "3"]
[Time "15:11:54"]
[PlyCount "74"]
[White "PleutMael"]
[Black "NicaudSebastie"]
[WhiteElo "1191"]
[BlackElo "1058"]
[Mode "WEB"]
[Result "1-0"]

1. d4 d5 2. c4 e6 3. Nc3 Nf6 4. cxd5 exd5 5. Bg5 Be6 6. Nf3 c5 7. dxc5 Bxc5 8.
Qb3 d4 9. Qxb7 Nbd7 10. Bxf6 Nxf6 11. Rd1 Qb8 12. Qc6+ Nd7 13. Nxd4 Bxd4 14.
Rxd4 O-O 15. Qb5 Qxb5 16. Nxb5 Bxa2 17. Rxd7 Bc4 18. e3 Bxf1 19. Kxf1 Rab8 20.
Nxa7 Rxb2 21. g3 Rb1+ 22. Kg2 Rbb8 23. Nc6 Rbc8 24. Ne7+ Kh8 25. Nxc8 Rxc8 26.
Rc1 Rg8 27. Rcd1 h6 28. Rxf7 Kh7 29. f4 Kh8 30. Rdd7 Re8 31. e4 Rxe4 32. Rxg7
Re8 33. Rge7 Rf8 34. g4 Ra8 35. f5 Rf8 36. Rh7+ Kg8 37. Rdg7# {NicaudSebastie est échec et mat} 1-0

[Event "Tournament 14459 - Europe Echecs"]
[Site "Europe Echecs"]
[Date "2020.07.07"]
[Round "3"]
[Time "15:11:54"]
[PlyCount "65"]
[White "LoppinTya"]
[Black "SixRobert"]
[WhiteElo "1021"]
[BlackElo "1187"]
[Mode "WEB"]
[Result "0-1"]

1. d4 d5 2. Nf3 Nf6 3. e3 Bg4 4. Bd3 e6 5. O-O Bd6 6. Nbd2 O-O 7. b3 Nc6 8. h3
Bh5 9. Bb2 e5 10. dxe5 Bxe5 11. Bxe5 Nxe5 12. g4 Nxd3 13. cxd3 Bg6 14. e4 dxe4
15. dxe4 Bxe4 16. Nxe4 Nxe4 17. Qc2 Nd6 18. h4 Qf6 19. Ng5 g6 20. Qxc7 Rac8 21.
Qa5 h6 22. Qa4 hxg5 23. Qb5 Nxb5 24. hxg5 Qxg5 25. Kh2 Qxg4 26. Rg1 Qf4+ 27. Kg2
Nc3 28. Raf1 Kg7 29. Re1 Ne4 30. Re2 Rh8 31. Kf1 Nd2+ 32. Ke1 Rc1# {LoppinTya est échec et mat} 0-1

[Event "Tournament 14459 - Europe Echecs"]
[Site "Europe Echecs"]
[Date "2020.07.07"]
[Round "3"]
[Time "15:11:54"]
[PlyCount "121"]
[White "SamorukovBoris"]
[Black "SchmittVavihelA"]
[WhiteElo "1185"]
[BlackElo "1051"]
[Mode "WEB"]
[Result "0-1"]

1. e4 e5 2. Nf3 Nc6 3. Bc4 Nf6 4. d4 exd4 5. O-O Bc5 6. b3 O-O 7. Nbd2 d6 8. Bb2
Bg4 9. h3 Bh5 10. g4 Bg6 11. h4 Bxe4 12. Nxe4 Nxe4 13. Nxd4 Bxd4 14. Bxd4 Nxd4
15. Qxd4 Nf6 16. g5 Nd7 17. Qe4 c6 18. Bd3 g6 19. Rfe1 Nc5 20. Qe3 Nxd3 21. Qxd3
d5 22. Re3 Re8 23. Rxe8+ Qxe8 24. Kf1 Qd7 25. Re1 Re8 26. Rd1 Qg4 27. Qg3 Qxg3
28. fxg3 Kg7 29. g4 Re4 30. h5 Rxg4 31. hxg6 hxg6 32. Re1 Rxg5 33. Re7 Rf5+ 34.
Kg1 Rg5+ 35. Kh1 Rf5 36. Rxb7 Rf2 37. Rxa7 Rxc2 38. b4 d4 39. Rd7 Rc4 40. a3 Rc3
41. Rxd4 Rxa3 42. Rc4 Ra4 43. Kg2 c5 44. Rxc5 Rxb4 45. Kf3 Rb6 46. Kg4 f5+ 47.
Kg5 Rf6 48. Rc7+ Rf7 49. Rc6 f4 50. Rxg6+ Kf8 51. Kg4 f3 52. Rh6 f2 53. Rh8+ Ke7
54. Rh1 f1=Q 55. Rxf1 Rxf1 56. Kg5 Ke6 57. Kg6 Rg1+ 58. Kh5 Kf5 59. Kh6 Rg2 60.
Kh5 Rh2# {SamorukovBoris est échec et mat} 0-1

[Event "Tournament 14459 - Europe Echecs"]
[Site "Europe Echecs"]
[Date "2020.07.07"]
[Round "3"]
[Time "15:11:54"]
[PlyCount "67"]
[White "LayadiYasmine"]
[Black "LuuFreundEstel"]
[WhiteElo "1180"]
[BlackElo "1046"]
[Mode "WEB"]
[Result "0-1"]

1. e4 e5 2. Nf3 Nc6 3. Bc4 Nf6 4. Nc3 Nxe4 5. Nxe4 d5 6. Bb3 dxe4 7. Ng1 Bd6 8.
d3 exd3 9. cxd3 O-O 10. Nf3 Re8 11. Bg5 Be7 12. Bh4 Bxh4 13. Nxh4 Qxh4 14. g3
Qg4 15. f3 Qg6 16. Qd2 a5 17. O-O-O b5 18. Bc2 b4 19. d4 Qd6 20. Qd3 exd4 21.
Qxh7+ Kf8 22. Rde1 Rxe1+ 23. Rxe1 Qh6+ 24. Kb1 Qxh7 25. Bxh7 g6 26. h4 Kg7 27.
g4 Kxh7 28. h5 gxh5 29. gxh5 Kh6 30. Rh1 Bf5+ 31. Kc1 Ne5 32. f4 Nd3+ 33. Kd1
Nf2+ {LayadiYasmine a abandonné} 0-1

[Event "Tournament 14459 - Europe Echecs"]
[Site "Europe Echecs"]
[Date "2020.07.07"]
[Round "3"]
[Time "15:11:54"]
[PlyCount "52"]
[White "LentieulElliot"]
[Black "DupratNathanie"]
[WhiteElo "1000"]
[BlackElo "1172"]
[Mode "WEB"]
[Result "1-0"]

1. d4 d5 2. c4 dxc4 3. e3 e5 4. Bxc4 c6 5. Nc3 Qg5 6. Qf3 Bb4 7. Nge2 Bg4 8.
Qxf7+ Kd8 9. O-O Bh3 10. Ng3 Nh6 11. Qxb7 Bd7 12. Qxa8 Kc8 13. Ba6+ Kc7 14. Qb7+
Kd6 15. Qxb4+ Ke6 16. Bc4+ Kf6 17. Nge4+ Kg6 18. Nxg5 Kxg5 19. Qe7+ Kg6 20. Bd3+
Bf5 21. Bxf5+ Nxf5 22. Qe6+ Kg5 23. f4+ Kg4 24. h3+ Kh5 25. Qxf5+ Kh6 26. Qg5# {DupratNathanie est échec et mat} 1-0

[Event "Tournament 14459 - Europe Echecs"]
[Site "Europe Echecs"]
[Date "2020.07.07"]
[Round "3"]
[Time "15:11:54"]
[PlyCount "41"]
[White "RobbeLeni"]
[Black "BriandEdouard"]
[WhiteElo "1160"]
[BlackElo "1038"]
[Mode "WEB"]
[Result "0-1"]

1. e4 e5 2. Nf3 Nc6 3. Bc4 Be7 4. O-O Nf6 5. Nc3 d6 6. h3 O-O 7. d3 h6 8. Nb5
Nh7 9. Nc3 Bg5 10. Nxg5 Nxg5 11. Bd2 Qf6 12. Bd5 Qg6 13. Qe2 Nxh3+ 14. Kh2 Nf4
15. Bxf4 exf4 16. Rfe1 Bg4 17. Qd2 Qh5+ 18. Kg1 f3 19. gxf3 Bxf3 20. Re3 Qh1# {RobbeLeni est échec et mat} 0-1

[Event "Tournament 14459 - Europe Echecs"]
[Site "Europe Echecs"]
[Date "2020.07.07"]
[Round "3"]
[Time "15:11:54"]
[PlyCount "107"]
[White "BaronArthur"]
[Black "VerdierAnais"]
[WhiteElo "950"]
[BlackElo "1159"]
[Mode "WEB"]
[Result "0-1"]

1. e4 e6 2. d4 d5 3. exd5 exd5 4. Nf3 c5 5. Nc3 Nf6 6. Bg5 Be6 7. Bd3 Nc6 8.
dxc5 Bxc5 9. O-O O-O 10. Re1 h6 11. Bh4 Be7 12. Qd2 Qd6 13. Re2 Bg4 14. Qe3 Rfe8
15. h3 Bxf3 16. Qxf3 Nd7 17. Bg3 Qf6 18. Nxd5 Qxf3 19. Nxe7+ Rxe7 20. gxf3 Nde5
21. Be4 Rae8 22. Rae1 f6 23. f4 Nd4 24. Rd2 Ndf3+ 25. Bxf3 Nxf3+ 26. Kg2 Nxe1+
27. Kf1 Nf3 28. Rd3 Ne1 29. f3 Nxc2 30. Rc3 Nd4 31. Bf2 Rd8 32. Bxd4 Rxd4 33.
Rc8+ Kf7 34. b3 Rxf4 35. a4 Rxf3+ 36. Kg2 Rxb3 37. a5 Ra3 38. Rc5 b6 39. axb6
axb6 40. Rc8 Raa7 41. Rb8 Rab7 42. Rxb7 Rxb7 43. Kg3 b5 44. Kf3 b4 45. Ke2 b3
46. Kf3 b2 47. Kf4 b1=Q 48. h4 Rb5 49. Kf3 Qb4 50. h5 Rc5 51. Kf2 Rc3 52. Ke2
Qb2+ 53. Ke1 Rc1# {BaronArthur est échec et mat} 0-1

[Event "Tournament 14459 - Europe Echecs"]
[Site "Europe Echecs"]
[Date "2020.07.07"]
[Round "3"]
[Time "15:11:54"]
[PlyCount "172"]
[White "DeGouyEdgar"]
[Black "TriboutMarius"]
[WhiteElo "1155"]
[BlackElo "1037"]
[Mode "WEB"]
[Result "1-0"]

1. d4 d5 2. c4 e6 3. Nc3 Nf6 4. Nf3 Be7 5. Bf4 a6 6. e3 O-O 7. Bd3 Nbd7 8. Qc2
b6 9. e4 dxe4 10. Nxe4 Nxe4 11. Bxe4 Rb8 12. Bxh7+ Kh8 13. Be4 Nf6 14. O-O Kg8
15. Qd3 Nxe4 16. Qxe4 Bb7 17. Qe5 Bd6 18. Qg5 Qxg5 19. Bxg5 Bxf3 20. gxf3 c5 21.
Rad1 e5 22. d5 f6 23. Bh4 a5 24. Bg3 Kf7 25. Rfe1 Rh8 26. Re4 f5 27. Re2 Rbe8
28. Rde1 f4 29. Re4 fxg3 30. fxg3 Ke7 31. f4 Kf6 32. g4 Rh4 33. fxe5+ Bxe5 34.
g5+ Kxg5 35. Rxe5+ Rxe5 36. Rxe5+ Kf6 37. Re6+ Kf7 38. Rxb6 Rxc4 39. Rb5 Rc1+
40. Kf2 Rc2+ 41. Kg3 a4 42. h4 Ke7 43. Rb6 Rd2 44. d6+ Rxd6 45. Rxd6 Kxd6 46.
Kf4 Ke7 47. Ke5 Kf7 48. h5 c4 49. Kf5 Kg8 50. Ke4 Kh7 51. Kf4 Kh6 52. Kg4 Kh7
53. a3 Kh6 54. Kh4 Kh7 55. Kg5 Kh8 56. h6 gxh6+ 57. Kxh6 Kg8 58. Kg5 Kf7 59. Kf4
Ke6 60. Ke4 Kd6 61. Kd4 Ke6 62. Kxc4 Ke5 63. Kb4 Kd4 64. Kxa4 Kd3 65. b4 Kc4 66.
b5 Kc5 67. Ka5 Kd6 68. b6 Kd7 69. Ka6 Kc8 70. Ka7 Kd7 71. b7 Kd6 72. b8=Q+ Kd5
73. Qc8 Kd4 74. Kb6 Kd5 75. Qc6+ Kd4 76. Qc5+ Ke4 77. Kc6 Kf4 78. Qd5 Ke3 79.
Kc5 Kf4 80. Kd4 Kg4 81. Ke4 Kg3 82. Qf5 Kg2 83. Qf3+ Kh2 84. Qg4 Kh1 85. Kf3 Kh2
86. Qg2# {TriboutMarius est échec et mat} 1-0

[Event "Tournament 14459 - Europe Echecs"]
[Site "Europe Echecs"]
[Date "2020.07.07"]
[Round "3"]
[Time "15:11:54"]
[PlyCount "57"]
[White "JarryEliot"]
[Black "PalmierNathan"]
[WhiteElo "890"]
[BlackElo "1150"]
[Mode "WEB"]
[Result "0-1"]

1. e4 e5 2. Bc4 Nf6 3. d3 Bc5 4. Bg5 O-O 5. Bxf6 Qxf6 6. Nf3 d6 7. O-O Qg6 8.
Nc3 Bh3 9. g3 Bxf1 10. Kxf1 Nc6 11. Nd5 Rac8 12. Ne3 Bxe3 13. fxe3 Qh6 14. c3
Qxe3 15. Kg2 Na5 16. Bb3 Nxb3 17. axb3 a6 18. d4 exd4 19. cxd4 c5 20. Ra5 cxd4
21. Nxd4 Qxe4+ 22. Kf1 Qe5 23. Qd2 Qf6+ 24. Ke1 Rfe8+ 25. Kd1 Qg6 26. Nf5 Qh5+
27. g4 Qxg4+ 28. Qe2 Qxe2# {JarryEliot est échec et mat} 0-1

[Event "Tournament 14459 - Europe Echecs"]
[Site "Europe Echecs"]
[Date "2020.07.07"]
[Round "3"]
[Time "15:11:54"]
[PlyCount "59"]
[White "RiegerLylian"]
[Black "ManvieuPaul"]
[WhiteElo "1148"]
[BlackElo "1018"]
[Mode "WEB"]
[Result "0-1"]

1. e4 e6 2. d4 d5 3. e5 c5 4. Nc3 cxd4 5. Qxd4 Nc6 6. Qf4 Nge7 7. Bb5 Qc7 8. Nf3
Ng6 9. Qe3 Be7 10. Nd4 O-O 11. Bxc6 bxc6 12. O-O Nxe5 13. Qg3 Bd6 14. Bh6 Ng6
15. Qg5 Bxh2+ 16. Kh1 gxh6 17. Qxh6 Bf4 18. Qh3 e5 19. Qf3 exd4 20. Ne2 Ba6 21.
Rfe1 Bxe2 22. Rxe2 Rfe8 23. Rd1 Rxe2 24. Qxe2 Qb6 25. b3 a5 26. Qg4 d3 27. Rxd3
Qxf2 28. Rf3 Qe1+ 29. Rf1 Qxf1# {RiegerLylian est échec et mat} 0-1

[Event "Tournament 14459 - Europe Echecs"]
[Site "Europe Echecs"]
[Date "2020.07.07"]
[Round "3"]
[Time "15:11:54"]
[PlyCount "112"]
[White "SpagnoloLouis"]
[Black "StevensCharles"]
[WhiteElo "1141"]
[BlackElo "1000"]
[Mode "WEB"]
[Result "1-0"]

1. e4 e5 2. Nf3 Nc6 3. Bc4 Nf6 4. d3 Bc5 5. Nc3 O-O 6. Bg5 h6 7. Bh4 Ng4 8. d4
Bb4 9. Nxe5 Ngxe5 10. dxe5 Nxe5 11. Bxd8 Rxd8 12. Qd5 c6 13. Qxe5 d6 14. Qf4 Be6
15. Bxe6 fxe6 16. e5 dxe5 17. Qxb4 Rd7 18. Qb3 Rad8 19. Qxe6+ Kh8 20. Qxe5 Rd2
21. O-O Rxc2 22. Ne4 Rdd2 23. Nd6 Rxb2 24. Ne8 Rd7 25. Nxg7 Rc2 26. Nh5+ Kg8 27.
Qe8+ Kh7 28. Nf6+ Kg7 29. Qxd7+ Kxf6 30. Qd6+ Kf7 31. Qd7+ Kf6 32. g4 Rc4 33.
Qf5+ Ke7 34. Qd3 Rxg4+ 35. Kh1 h5 36. Qh7+ Kf6 37. Qxh5 Re4 38. Qh8+ Kg6 39.
Qg8+ Kf6 40. Qf8+ Ke5 41. f4+ Kd4 42. Qd6+ Kc4 43. Rfc1+ Kb5 44. a4+ Ka5 45.
Qd8+ Ka6 46. a5 b5 47. axb6+ Kb5 48. Rab1+ Ka6 49. Qd3+ Rc4 50. b7 c5 51. Qd6+
Ka5 52. Qc7+ Ka6 53. b8=Q Rxc1+ 54. Rxc1 c4 55. Qbxa7+ Kb5 56. Rb1# {StevensCharles est échec et mat} 1-0

[Event "Tournament 14459 - Europe Echecs"]
[Site "Europe Echecs"]
[Date "2020.07.07"]
[Round "3"]
[Time "15:11:54"]
[PlyCount "120"]
[White "JoinErnest"]
[Black "RequenaPaulin"]
[WhiteElo "860"]
[BlackElo "1140"]
[Mode "WEB"]
[Result "1-0"]

1. d4 d5 2. c4 dxc4 3. Nc3 Nc6 4. Nf3 Nf6 5. e3 Bf5 6. Qa4 e6 7. Bxc4 Bb4 8. Bb5
Bxc3+ 9. bxc3 Qd6 10. Ne5 Ng8 11. Nxc6 bxc6 12. Bxc6+ Kd8 13. Bxa8 Nf6 14. Qxa7
c6 15. Ba3 Qc7 16. Qxc7+ Kxc7 17. O-O-O Rg8 18. Rd2 Rxa8 19. Rb2 Rxa3 20. f3
Rxc3+ 21. Kd2 Rd3+ 22. Ke2 Ra3 23. e4 Bg6 24. Rhb1 Ra7 25. Ke3 Ra3+ 26. Kf4 Nh5+
27. Kg4 f5+ 28. exf5 exf5+ 29. Kh4 Ra7 30. Rc1 Ra4 31. Rd2 Nf4 32. g3 Ng2+ 33.
Rxg2 Rxd4+ 34. Kh3 f4 35. gxf4 Rxf4 36. Kg3 Rd4 37. f4 Rd3+ 38. Kg4 Be4 39. Rgc2
Rd6 40. Re2 Rg6+ 41. Kh4 Bf3 42. Re7+ Kd6 43. Re3 Rg4+ 44. Kh3 h5 45. Rxf3 h4
46. Rd1+ Kc7 47. f5 c5 48. Kxg4 Kb6 49. f6 gxf6 50. Rxf6+ Kb5 51. Kxh4 c4 52.
Rc1 Kb4 53. Rf4 Ka3 54. Rfxc4 Kxa2 55. R1c3 Kb1 56. Rh3 Ka1 57. Rc2 Kb1 58. Rf2
Ka1 59. Re3 Kb1 60. Re1# {RequenaPaulin est échec et mat} 1-0

[Event "Tournament 14459 - Europe Echecs"]
[Site "Europe Echecs"]
[Date "2020.07.07"]
[Round "3"]
[Time "15:11:54"]
[PlyCount "36"]
[White "BernardiNicola"]
[Black "CotterchioJade"]
[WhiteElo "799"]
[BlackElo "1130"]
[Mode "WEB"]
[Result "1-0"]

1. e4 e5 2. Nf3 Nc6 3. Bc4 Bc5 4. d3 d6 5. Ng5 Qxg5 6. Bxg5 f6 7. Bxg8 Rxg8 8.
Qh5+ g6 9. Qxh7 Kf8 10. Bxf6 d5 11. Qh6+ Kf7 12. Qh7+ Kf8 13. exd5 Bb4+ 14. c3
Bxc3+ 15. Nxc3 Be6 16. dxc6 Re8 17. cxb7 Rg7 18. Qxg7# {CotterchioJade est échec et mat} 1-0

[Event "Tournament 14459 - Europe Echecs"]
[Site "Europe Echecs"]
[Date "2020.07.07"]
[Round "3"]
[Time "15:11:54"]
[PlyCount "61"]
[White "NunesSoubeyran"]
[Black "DeMartinoDanie"]
[WhiteElo "1130"]
[BlackElo "870"]
[Mode "WEB"]
[Result "0-1"]

1. e4 c5 2. c4 Nc6 3. Nc3 g6 4. Qc2 Bg7 5. d3 Nf6 6. f4 O-O 7. Bd2 e6 8. O-O-O
d5 9. exd5 exd5 10. Nf3 dxc4 11. dxc4 Qc7 12. f5 Rd8 13. Bf4 Qxf4+ 14. Kb1 Rxd1+
15. Qxd1 Bxf5+ 16. Ka1 Nb4 17. g3 Nc2+ 18. Kb1 Qh6 19. Bd3 Ne3 20. Qd2 Rd8 21.
Ne1 Nxc4 22. Qc2 Ne3 23. Qd2 Nfd5 24. Nxd5 Rxd5 25. h3 Rd6 26. g4 Be4 27. Rh2
Bxd3+ 28. Nxd3 c4 29. Re2 Rxd3 30. Qa5 Rd1# {NunesSoubeyran est échec et mat} 0-1

[Event "Tournament 14459 - Europe Echecs"]
[Site "Europe Echecs"]
[Date "2020.07.07"]
[Round "3"]
[Time "15:11:54"]
[PlyCount "47"]
[White "BertrandCome"]
[Black "DinoniAttaliMy"]
[WhiteElo "799"]
[BlackElo "1129"]
[Mode "WEB"]
[Result "0-1"]

1. e4 c5 2. Bc4 e6 3. d3 Nc6 4. Nf3 Nf6 5. Nc3 d5 6. exd5 exd5 7. Bb5 a6 8.
Bxc6+ bxc6 9. Bg5 Bf5 10. Bxf6 Qxf6 11. Qe2+ Be7 12. O-O-O O-O 13. d4 cxd4 14.
Nxd4 Bc5 15. Nxf5 Qxf5 16. Na4 Bxf2 17. Rdf1 Qg5+ 18. Kb1 Be3 19. Rf3 Rfe8 20.
Qd3 Rab8 21. Re1 Ba7 22. Rxe8+ Rxe8 23. Qf5 Re1# {BertrandCome est échec et mat} 0-1

[Event "Tournament 14459 - Europe Echecs"]
[Site "Europe Echecs"]
[Date "2020.07.07"]
[Round "3"]
[Time "15:11:54"]
[PlyCount "80"]
[White "TurchiMatteo"]
[Black "ElRhourriYanis"]
[WhiteElo "1129"]
[BlackElo "799"]
[Mode "WEB"]
[Result "1-0"]

1. e4 e5 2. Nf3 Nf6 3. Nxe5 Nxe4 4. Qe2 d6 5. Qxe4 dxe5 6. Qxe5+ Be7 7. Qxg7 Bf6
8. Qg3 Bg5 9. Qe5+ Be7 10. Qxh8+ Bf8 11. Qe5+ Be7 12. Nc3 f6 13. Qh5+ Kd7 14.
Qxh7 Qe8 15. Nd5 Na6 16. Qxe7+ Qxe7+ 17. Nxe7 Kxe7 18. Bc4 Nb4 19. Bb3 Bd7 20.
O-O Rg8 21. Re1+ Kd6 22. d3 Bc6 23. Bf4+ Kd7 24. Bxg8 Nxc2 25. Rac1 Nxe1 26.
Rxe1 Kd8 27. h4 b5 28. h5 b4 29. h6 b3 30. axb3 a5 31. h7 a4 32. h8=Q axb3 33.
Bxb3+ Kd7 34. Be6+ Ke7 35. Bd5+ Kd7 36. Bxc6+ Kxc6 37. Qxf6+ Kb7 38. Qe7 Kb8 39.
Qxc7+ Ka8 40. Re8# {ElRhourriYanis est échec et mat} 1-0

[Event "Tournament 14459 - Europe Echecs"]
[Site "Europe Echecs"]
[Date "2020.07.07"]
[Round "3"]
[Time "15:11:54"]
[PlyCount "28"]
[White "SurCortierColi"]
[Black "GarcinEleonore"]
[WhiteElo "1128"]
[BlackElo "799"]
[Mode "WEB"]
[Result "1-0"]

1. e4 e5 2. Nf3 Nc6 3. Bb5 Nd4 4. Nxd4 exd4 5. O-O c6 6. Be2 Nf6 7. d3 d5 8. e5
Nd7 9. Bf4 f6 10. exf6 Qxf6 11. Bg3 Nc5 12. Re1 Bd6 13. Bh5+ Kf8 14. Re8# {GarcinEleonore est échec et mat} 1-0

[Event "Tournament 14459 - Europe Echecs"]
[Site "Europe Echecs"]
[Date "2020.07.07"]
[Round "3"]
[Time "15:11:54"]
[PlyCount "73"]
[White "NormandPaulArt"]
[Black "LoosliTheo"]
[WhiteElo "1120"]
[BlackElo "799"]
[Mode "WEB"]
[Result "0-1"]

1. e4 e5 2. Nf3 Nc6 3. Nc3 Nf6 4. Bb5 d6 5. Bxc6+ bxc6 6. d3 h6 7. O-O Be7 8.
Be3 O-O 9. Qe2 Bg4 10. h3 Bh5 11. d4 Rb8 12. b3 exd4 13. Bxd4 c5 14. Be3 Bg6 15.
e5 Ne4 16. Nxe4 Bxe4 17. Rad1 Qd7 18. Rd2 Rbd8 19. Rfd1 Qc6 20. exd6 cxd6 21.
Bxc5 dxc5 22. Rxd8 Rxd8 23. Rxd8+ Bxd8 24. Qd2 Bf6 25. Qa5 Bxf3 26. gxf3 Qxf3
27. Qxa7 Qxh3 28. Qb8+ Kh7 29. a4 Qg4+ 30. Kf1 Qd1+ 31. Kg2 Qxc2 32. a5 Qg6+ 33.
Kf1 Qb1+ 34. Kg2 Qa2 35. a6 Qxa6 36. Qf4 Qa8+ {NormandPaulArt a perdu au temps} 0-1

[Event "Tournament 14459 - Europe Echecs"]
[Site "Europe Echecs"]
[Date "2020.07.07"]
[Round "3"]
[Time "15:11:54"]
[PlyCount "102"]
[White "ColinFelix"]
[Black "LimouzinSwann"]
[WhiteElo "799"]
[BlackElo "1117"]
[Mode "WEB"]
[Result "1-0"]

1. e4 e5 2. Nf3 Nc6 3. Nc3 Nf6 4. Bb5 Bc5 5. Bxc6 dxc6 6. d3 Bg4 7. Bg5 h6 8.
Bh4 g5 9. Bg3 Nd7 10. Qd2 Qe7 11. h3 Bxf3 12. gxf3 O-O-O 13. O-O-O Rhf8 14. f4
exf4 15. Bh2 f5 16. exf5 Rxf5 17. h4 Bb4 18. hxg5 hxg5 19. Bg1 Re5 20. Rh5 Re2
21. Qxe2 Qxe2 22. Nxe2 f3 23. Nc3 Bxc3 24. bxc3 g4 25. Bh2 Nf6 26. Rf5 Ne8 27.
Rf8 b6 28. Re1 Nd6 29. Rxd8+ Kxd8 30. Bxd6 cxd6 31. Rg1 Ke7 32. Rxg4 Kf6 33.
Rf4+ Ke5 34. Rxf3 d5 35. d4+ Ke4 36. Rd3 c5 37. dxc5 bxc5 38. a4 c4 39. Rd4+ Kf3
40. Rxd5 Kxf2 41. Rd7 Ke3 42. Rxa7 Ke2 43. Rd7 Ke1 44. a5 Ke2 45. a6 Ke1 46. a7
Ke2 47. a8=Q Ke1 48. Qe8+ Kf1 49. Rf7+ Kg1 50. Qg8+ Kh1 51. Rh7# {LimouzinSwann est échec et mat} 1-0

[Event "Tournament 14459 - Europe Echecs"]
[Site "Europe Echecs"]
[Date "2020.07.07"]
[Round "3"]
[Time "15:11:54"]
[PlyCount "97"]
[White "LegardeurAnton"]
[Black "SemetroudenkoA"]
[WhiteElo "1115"]
[BlackElo "799"]
[Mode "WEB"]
[Result "0-1"]

1. e4 e5 2. Nf3 Nf6 3. Nxe5 d6 4. Nf3 Nxe4 5. d3 Nf6 6. Bf4 Bf5 7. Nc3 Be7 8.
Be2 O-O 9. O-O Nc6 10. h3 h6 11. Re1 a6 12. d4 Re8 13. a3 d5 14. Qd2 Bd6 15.
Bxd6 Qxd6 16. Rad1 Rad8 17. Bd3 Rxe1+ 18. Rxe1 Bxd3 19. Qxd3 Re8 20. Rxe8+ Nxe8
21. Nh4 Qe7 22. Nf5 Qe1+ 23. Kh2 Qxf2 24. Qg3 Qxf5 25. Ne2 Qxc2 26. Nf4 Qxb2 27.
Nxd5 Qxa3 28. Nf4 Qxg3+ 29. Kxg3 Nxd4 30. Nd5 c6 31. Ne7+ Kf8 32. Nc8 b5 33. Nb6
a5 34. Nd7+ Ke7 35. Nc5 a4 36. Kf4 a3 37. Ke5 Ne2 38. Ne4 a2 39. Nc5 a1=Q+ 40.
Ke4 Qd4+ 41. Kf3 Qxc5 42. Kxe2 b4 43. Kf1 b3 44. Ke2 b2 45. Kf3 b1=Q 46. Kg3
Qg6+ 47. Kh2 Qe5+ 48. Kh1 Qb1# {LegardeurAnton est échec et mat} 0-1

[Event "Tournament 14459 - Europe Echecs"]
[Site "Europe Echecs"]
[Date "2020.07.07"]
[Round "3"]
[Time "15:11:54"]
[PlyCount "42"]
[White "CortadellasJul"]
[Black "RobertAlexandr"]
[WhiteElo "1114"]
[BlackElo "799"]
[Mode "WEB"]
[Result "1-0"]

1. d4 d5 2. c4 Nf6 3. cxd5 Nxd5 4. e4 Nf6 5. Nc3 Nc6 6. Nf3 e5 7. d5 Nb4 8. Bg5
Bd6 9. Nxe5 Bxe5 10. Qa4+ Nc6 11. dxc6 bxc6 12. Qxc6+ Bd7 13. Qa6 Be6 14. Bb5+
Kf8 15. Rd1 Qe7 16. a4 Qb4 17. Qc6 Bxc3+ 18. bxc3 Qa3 19. Qxa8+ Ke7 20. Qxh8 Qa2
21. Qe8# {RobertAlexandr est échec et mat} 1-0

[Event "Tournament 14459 - Europe Echecs"]
[Site "Europe Echecs"]
[Date "2020.07.07"]
[Round "3"]
[Time "15:11:54"]
[PlyCount "59"]
[White "DemirciNoe"]
[Black "RosuAlexandru"]
[WhiteElo "1240"]
[BlackElo "1126"]
[Mode "WEB"]
[Result "0-1"]

1. Nf3 d5 2. g3 Nc6 3. Bg2 e6 4. O-O Nf6 5. c3 Bd6 6. d4 O-O 7. Bg5 h6 8. Bxf6
Qxf6 9. Nbd2 e5 10. dxe5 Nxe5 11. Nxe5 Bxe5 12. Nf3 c6 13. Nxe5 Qxe5 14. f4 Qe6
15. Re1 Bd7 16. e4 dxe4 17. Rxe4 Qf6 18. Qxd7 Rad8 19. Qxb7 Qd6 20. Rd4 Qc5 21.
Qb4 Qxb4 22. Rxb4 Rd2 23. Rd4 Rxb2 24. Rd7 Re8 25. Rd2 Rxd2 26. Bxc6 Ree2 27.
Rb1 Rxa2 28. Rb8+ Kh7 29. Bd5 Re1# {DemirciNoe est échec et mat} 0-1

[Event "Tournament 14459 - Europe Echecs"]
[Site "Europe Echecs"]
[Date "2020.07.07"]
[Round "3"]
[Time "15:11:54"]
[PlyCount "65"]
[White "BlouvacDaphne"]
[Black "HermantAntoine"]
[WhiteElo "1130"]
[BlackElo "980"]
[Mode "WEB"]
[Result "0-1"]

1. e4 e5 2. Nf3 Nc6 3. Nc3 Nf6 4. Bc4 Nxe4 5. Nxe4 d5 6. Bd3 dxe4 7. Bxe4 Bg4 8.
h3 Bh5 9. O-O Bc5 10. d3 O-O 11. Bg5 Bxf3 12. Bxd8 Bxd1 13. Raxd1 Rfxd8 14. c3
Bb6 15. d4 exd4 16. cxd4 Rxd4 17. Rde1 h6 18. Bf5 g6 19. Bc2 Rd2 20. Bb3 Rxb2
21. Re3 Bxe3 22. fxe3 Re8 23. Bc4 Rxe3 24. Bxf7+ Kh8 25. Bxg6 Ree2 26. Rf8+ Kg7
27. Rf7+ Kxg6 28. Rxc7 Rxg2+ 29. Kf1 Rh2 30. Kg1 Rhc2 31. Rxc6+ Rxc6 32. Kf1
Rc1# {BlouvacDaphne est échec et mat} 0-1

[Event "Tournament 14459 - Europe Echecs"]
[Site "Europe Echecs"]
[Date "2020.07.07"]
[Round "3"]
[Time "15:11:54"]
[PlyCount "31"]
[White "OgerEryn"]
[Black "GrangeonEdouar"]
[WhiteElo "1460"]
[BlackElo "799"]
[Mode "WEB"]
[Result "0-1"]

1. e4 e5 2. Nf3 Nf6 3. Nc3 Nc6 4. Bb5 Bc5 5. Bxc6 dxc6 6. Nxe5 Qd4 7. Nd3 Nxe4
8. Nxe4 Qxe4+ 9. Qe2 Qxe2+ 10. Kxe2 Bb6 11. Re1 O-O 12. Kf1 a5 13. Kg1 Bd7 14.
Ne5 Rfe8 15. Nxd7 Rxe1# {OgerEryn est échec et mat} 0-1

[Event "Tournament 14459 - Europe Echecs"]
[Site "Europe Echecs"]
[Date "2020.07.07"]
[Round "3"]
[Time "15:11:54"]
[PlyCount "68"]
[White "AndreaniEleono"]
[Black "MenardEmma"]
[WhiteElo "799"]
[BlackElo "1490"]
[Mode "WEB"]
[Result "1-0"]

1. e4 c5 2. Bc4 e6 3. Nf3 Nf6 4. O-O Nxe4 5. h3 g6 6. Qe2 Nf6 7. Bb5 Bg7 8. Ne5
O-O 9. d3 d6 10. Nc3 dxe5 11. Qxe5 Nd5 12. Qe4 Nxc3 13. bxc3 Bxc3 14. Rb1 Bg7
15. Bb2 Bd7 16. Bxg7 Kxg7 17. Qe5+ Qf6 18. Qc7 Rc8 19. Qxb7 Bxb5 20. Rxb5 Qc3
21. Qxc8 Qxc2 22. Qb7 Qxd3 23. Rxc5 Nd7 24. Rc7 Ne5 25. Qxa8 Qa3 26. Rxa7 Qb2
27. Rb7 Qd4 28. Rc1 Qd2 29. Rcb1 Nd3 30. Qb8 Qxf2+ 31. Kh2 g5 32. Qc7 Nf4 33.
Qxf7+ Kh6 34. Qxh7# {MenardEmma est échec et mat} 1-0